Statistics for Greek gods and Godesses

Click here to take the quiz!

General Stats

  • This quiz has been taken 26 times
    (7 since last reset)
  • The average score is 33 of 76

Answer Stats

HintAnswer% Correct
Strategic WarAthena
100%
Lighting, thunder, law, orderZeus
100%
LoveAphrodite
86%
Music, poetry, plagueApollo
86%
Violents warAres
86%
The huntArtemis
86%
AgricultureCronus
86%
MarriageHera
86%
FerrymanCharon
71%
TimeCronos
71%
WineDionysus
71%
StrifeEris
71%
Sexual DesireEros
71%
Dead and richesHades
71%
Magic and crossroadsHecate
71%
Sun (sol)Helios
71%
NightNyx
71%
NaturePan
71%
Sea, earthquakes, storms, horsesPoseidon
71%
Gemini TwinCastor
57%
PrimordialChaos
57%
EarthGaea
57%
Fire, metalworking, forgesHephaestus
57%
Trade, thieves, travelers, messengerHermes
57%
HearthHestia
57%
SleepHypnos
57%
SpringPersephone
57%
Gemini TwinPollux
57%
River of OathStyx
57%
Great pitTartarus
57%
DeathThanatos
57%
Winds and airAeolus
43%
AtmosphereAether
43%
MedicineAsclepius
43%
The North WindBoreas
43%
Daughter of AtlasCalypso
43%
MagicCirce
43%
Dread and TerrorDeimos
43%
DarknessErebus
43%
Strongest DenigodHeracles
43%
Dreams and sleepMorpheus
43%
SkyOceanus
43%
WealthPlutus
43%
Primordial seaPontus
43%
Messenger of the seaTriton
43%
Father of monsters, storms, volcanoesTyphon
43%
family feudsAlastor
29%
Wild Bull - TaurusCerus
29%
Heavenly ConstellationsCriios
29%
The East WindEurus
29%
Old ageGeras
29%
Strength and PowerKratos
29%
father of NereidsNereus
29%
The south windNotus
29%
WarcraftPallas
29%
The west windZephyrus
29%
“Silver-swirling”Achelous
14%
MiseryAkhlys
14%
Animal husbandryAristaeus
14%
Primordial AstronomyAtlas
14%
River of LamenationCocytus
14%
Guardian of LamarkDinlas
14%
Immortal FishermanGlaucus
14%
The Evening starHesperus
14%
Sature, mockery, censure, unfair criticismMomus
14%
DoomMoros
14%
River of firePhlegethon
14%
The morning starPhosphorus
14%
DedicationZelus
14%
VegetationAttis
0%
Opportunity, luck, favorable momentsCaerus
0%
DayHermera
0%
Marriage ceremoniesHymenaios
0%
Rustic fertilityPriapus
0%
CapricornPricus
0%
HopeSpes
0%

Score Distribution

Percentile by Number Answered

Percent of People with Each Score

Your Score History

You have not taken this quiz since the last reset